[Event "EThessaloniki SSTH HALK-ch U16"]
[Site "Thessaloniki"]
[Date "2017.11.12"]
[Round "4.3"]
[White "Karafotis, Dimitrios"]
[Black "Sioulas, Stylianos"]
[Result "0-1"]
[WhiteElo "1000"]
[BlackElo "1156"]
[PlyCount "94"]
[EventDate "2017.10.01"]
[EventType "swiss"]
[EventRounds "6"]
[EventCountry "GRE"]
[SourceTitle "EXT 2024"]
[Source "ChessBase"]
[SourceDate "2023.10.10"]
[SourceVersion "1"]
[SourceVersionDate "2023.10.10"]
[SourceQuality "1"]

1. e4 e5 2. Nf3 Nc6 3. Bc4 Bc5 4. Nc3 Nf6 5. d3 d6 6. Bg5 h6 7. Bxf6 Qxf6 8. 0-0 Bg4 9. Nd5 Qd8 10. h3 Bh5 11. b4 Bb6 12. Nxb6 axb6 13. Bd5 Qc8 14. Bxc6+ bxc6 15. Qd2 Bxf3 16. gxf3 Qxh3 17. Qc3 c5 18. bxc5 bxc5 19. f4 Qg4+ 20. Kh1 Qf3+ 21. Kg1 Qxf4 22. Rfe1 h5 23. Rab1 Rh6 24. Kf1 Rf6 25. Ke2 Qxf2+ 26. Kd1 Qf3+ 27. Kc1 h4 28. Rb7 Kd7 29. Qc4 Ra5 30. Qc3 Rxa2 31. Kb1 Ra6 32. Qc4 Rb6+ 33. Rxb6 cxb6 34. Qb5+ Kc7 35. Rg1 Rg6 36. Rh1 Qxh1+ 37. Kb2 Qe1 38. Qc4 Qb4+ 39. Qb3 Qxb3+ 40. Kxb3 h3 41. Kc3 h2 42. Kd2 h1Q 43. Kc3 Qa1+ 44. Kc4 Kc6 45. d4 b5+ 46. Kb3 Rg3+ 47. c3 Rxc3# 0-1